Liberal studies and higher technology.

Bibliographic Details
Main Author: Davies, Laurence, 1926-
Format: Book
Language:English
Published: Cardiff : University of Wales Press, 1965.
Subjects:

MARC

Tag First Indicator Second Indicator Subfields
LEADER 00000cam a2200000 4500
001 in00000082633
005 20151221114006.0
008 730108s1965 wlk b 00000 eng u
010 |a  65029761  
035 |a (OCoLC)00531081 
035 |9 AAH6106AM 
040 |c DXU  |d TXA  |d UtOrBLW 
049 |a TXAM  |c [464903] 
050 0 |a LC1021  |b .D3 
092 |a 370.112  |b D2561, 1965 
100 1 |a Davies, Laurence,  |d 1926- 
245 1 0 |a Liberal studies and higher technology. 
264 1 |a Cardiff :  |b University of Wales Press,  |c 1965. 
300 |a xix, 345 pages ;  |c 23 cm. 
336 |a text  |b txt  |2 rdacontent 
337 |a unmediated  |b n  |2 rdamedia 
338 |a volume  |b nc  |2 rdacarrier 
504 |a Includes bibliographies. 
650 0 |a Education, Humanistic. 
650 0 |a Technical education. 
999 |a MARS 
999 f f |s 7a8bb7f0-a900-3b6f-b5c6-c644064dde68  |i 83542cf3-b7be-33c5-8054-1b49fa396a82  |t 0 
952 f f |p ric  |a Texas A&M University  |b Rellis Campus  |c Joint Library Facility  |d Remote Storage  |t 0  |e LC1021 .D3  |h Library of Congress classification  |i unmediated -- volume  |m A14800820172 
998 f f |a LC1021 .D3  |t 0  |l Remote Storage